[Event "IND-chA"]
[Site "Mumbai"]
[Date "2009.12.04"]
[Round "4"]
[White "Narayanan, Srinath"]
[Black "Koshy, Varugeese"]
[Result "1-0"]
[WhiteElo "2370"]
[BlackElo "2280"]
[PlyCount "103"]
[EventDate "2009.12.01"]
[EventType "swiss"]
[EventRounds "13"]
[EventCountry "IND"]
[SourceTitle "CBM 133 Extra"]
[Source "ChessBase"]
[SourceDate "2010.01.05"]
[SourceVersion "1"]
[SourceVersionDate "2010.01.05"]
[SourceQuality "1"]

1. e4 d6 2. d4 Nf6 3. Nc3 e5 4. Nf3 Nbd7 5. g4 Nxg4 6. Rg1 Ngf6 7. Be3 c6 8. Bc4 h6 9. Qd3 b5 10. Bb3 Qa5 11. dxe5 dxe5 12. 0-0-0 Ba6 13. Ne2 c5 14. Bd2 b4 15. c4 Bb7 16. Ng3 Qc7 17. Ba4 0-0-0 18. Be3 g6 19. Qf1 Be7 20. Qh3 Kb8 21. Bxd7 Rxd7 22. Bg5 Rxd1+ 23. Rxd1 Qc8 24. Qxc8+ Kxc8 25. Be3 Ng4 26. h3 Nxe3 27. fxe3 Rd8 28. Rf1 Bd6 29. Nh2 Rf8 30. Ng4 h5 31. Nf6 Rh8 32. Kc2 Be7 33. Nd5 Bh4 34. Ne2 Rf8 35. Nc1 Bxd5 36. cxd5 Be7 37. Nd3 Bd6 38. Kb3 Kd7 39. Ka4 Ke7 40. Rc1 f5 41. exf5 gxf5 42. Nxc5 Rc8 43. Kb5 Rb8+ 44. Ka4 Bxc5 45. Rxc5 Kd6 46. Ra5 a6 47. Kb3 h4 48. Kc4 Rc8+ 49. Kd3 Rc5 50. Rxc5 Kxc5 51. e4 f4 52. Ke2 1-0

[Event "New Delhi Parsvnath op 7th"]
[Site "New Delhi"]
[Date "2009.01.16"]
[Round "7"]
[White "Thejkumar, MS."]
[Black "Koshy, Varugeese"]
[Result "1-0"]
[WhiteElo "2424"]
[BlackElo "2248"]
[PlyCount "39"]
[EventDate "2009.01.11"]
[EventType "swiss"]
[EventRounds "10"]
[EventCountry "IND"]
[SourceTitle "CBM 128 Extra"]
[Source "ChessBase"]
[SourceDate "2009.03.05"]
[SourceVersion "2"]
[SourceVersionDate "2009.03.25"]
[SourceQuality "1"]

1. d4 d6 2. e4 Nf6 3. Nc3 e5 4. Nf3 Nbd7 5. Bc4 Be7 6. 0-0 0-0 7. Re1 c6 8. a4 b6 9. h3 a6 10. Ba2 Ne8 11. Ne2 g6 12. Bh6 Ng7 13. Qd2 Qc7 14. Rad1 Bf6 15. Nh2 exd4 16. Ng4 c5 17. c3 Be7 18. Nf4 Bb7 19. cxd4 Nf6 20. dxc5 1-0

[Event "New Delhi Parsvnath op 7th"]
[Site "New Delhi"]
[Date "2009.01.14"]
[Round "5"]
[White "Ismagambetov, Anuar"]
[Black "Koshy, Varugeese"]
[Result "1/2-1/2"]
[WhiteElo "2523"]
[BlackElo "2248"]
[PlyCount "81"]
[EventDate "2009.01.11"]
[EventType "swiss"]
[EventRounds "10"]
[EventCountry "IND"]
[SourceTitle "CBM 128 Extra"]
[Source "ChessBase"]
[SourceDate "2009.03.05"]
[SourceVersion "2"]
[SourceVersionDate "2009.03.25"]
[SourceQuality "1"]

1. e4 d6 2. d4 Nf6 3. Nc3 e5 4. Nf3 exd4 5. Nxd4 g6 6. g3 Bg7 7. Bg2 0-0 8. 0-0 Nc6 9. Nxc6 bxc6 10. Bg5 h6 11. Bf4 Bb7 12. Qd2 Kh7 13. Rad1 Re8 14. Rfe1 Ng4 15. Qe2 Ne5 16. Bc1 c5 17. Nd5 Rb8 18. h3 Qc8 19. f4 Nc6 20. c3 Ne7 21. Ne3 f5 22. exf5 Nxf5 23. Qf2 Nxe3 24. Rxe3 Rxe3 25. Qxe3 Bxg2 26. Kxg2 Qg8 27. a3 Re8 28. Qf3 Qc4 29. Kf2 a5 30. Rd3 a4 31. Rd1 Qe4 32. Qxe4 Rxe4 33. Be3 Re8 34. Kf3 Kg8 35. Rd2 Kf7 36. g4 Ke6 37. Bf2 Kf7 38. Be3 Ke6 39. Bg1 Kf7 40. Bf2 Bf6 41. Be3 1/2-1/2